Fakultatívnosť a daňová záväznosť odpisov

Hmotný investičný majetok (HIM) - významná zložka štruktúry investičného majetku podnikateľa. Reprodukčný cyklus odpisovaného HIM je prepojený na odpisovú politiku. Z národohospodárskeho hľadiska je odpis daňovo uznanou, ale limitovanou nákladovou položkou, s dopadom na základ dane z príjmov.

Enregistré dans:
Détails bibliographiques
Auteur principal: Hacherová, Žofia
Autres auteurs: Korcová, Zuzana
Format: Chapitre de livre
Langue:slovaque
Sujets:
Tags: Ajouter un tag
Pas de tags, Soyez le premier à ajouter un tag!

MARC

LEADER 00000naa a2200000 4500
001 r042123
005 20230929064651.2
041 0 |a slo 
044 |a SK 
245 1 0 |a Fakultatívnosť a daňová záväznosť odpisov  |c Žofia Hacherová, Zuzana Korcová 
520 |a Hmotný investičný majetok (HIM) - významná zložka štruktúry investičného majetku podnikateľa. Reprodukčný cyklus odpisovaného HIM je prepojený na odpisovú politiku. Z národohospodárskeho hľadiska je odpis daňovo uznanou, ale limitovanou nákladovou položkou, s dopadom na základ dane z príjmov. 
610 2 0 |a odpisy 
610 2 0 |a majetok hmotný 
610 2 0 |a dane z príjmov 
610 2 0 |a náklady 
610 2 0 |a majetok investičný 
100 1 |a Hacherová, Žofia 
700 1 |a Korcová, Zuzana